[Event "PNWCC Masters 2020"]
[Site "chess.com INT"]
[Date "2020.05.25"]
[Round "9.10"]
[White "Ghazarian, Kirk"]
[Black "Murzin, Volodar"]
[Result "0-1"]
[BlackTitle "IM"]
[WhiteElo "2181"]
[BlackElo "2465"]
[WhiteFideId "30908604"]
[BlackFideId "44155573"]
[EventDate "2020.05.23"]

1. d4 Nf6 2. c4 g6 3. g3 Bg7 4. Bg2 O-O 5. Nc3 d6 6. Nf3 Nbd7 7. O-O e5 8. e4
exd4 9. Nxd4 Re8 10. Qc2 Nc5 11. Rd1 Bd7 12. f3 a5 13. Be3 Ne6 14. Rd2 h5 15.
Nxe6 Rxe6 16. Rad1 Qc8 17. Nd5 Nxd5 18. cxd5 Re7 19. h4 f5 20. Bg5 Rf7 21. f4
fxe4 22. Bxe4 Bf5 23. Bxf5 Qxf5 24. Qxf5 Rxf5 25. Re1 Bf8 26. a4 Rc8 27. Kf2 c6
28. Rc1 c5 29. Kf3 Re8 30. g4 hxg4+ 31. Kxg4 Rf7 32. Kf3 Bg7 33. Rcc2 Re5 34.
Kg4 Re4 35. Re2 Rxa4 36. Re6 Be5 37. Rxg6+ Kh7 38. Kh5 Bxf4 39. Bxf4 Rfxf4 40.
Rh6+ Kg7 41. Rg2+ Kf7 42. Rxd6 Rxh4+ 43. Kg5 Ke7 44. Re6+ Kd7 45. Rf2 Rag4+ 46.
Kf5 Rd4 47. Rfe2 Rxd5+ 48. Kf6 Rh6+ 0-1

[Event "PNWCC Masters 2020"]
[Site "chess.com INT"]
[Date "2020.05.25"]
[Round "9.11"]
[White "Aditya, Mittal"]
[Black "Kumar, Nikhil"]
[Result "1/2-1/2"]
[WhiteTitle "IM"]
[BlackTitle "FM"]
[WhiteElo "2438"]
[BlackElo "2328"]
[WhiteFideId "35042025"]
[BlackFideId "30909040"]
[EventDate "2020.05.23"]

1. Nf3 Nf6 2. g3 b6 3. Bg2 Bb7 4. O-O e6 5. d3 d5 6. b3 Be7 7. Bb2 O-O 8. Nbd2
c5 9. e3 Nc6 10. Qe2 Qc7 11. c4 dxc4 12. Nxc4 Rfd8 13. Rfd1 Rac8 14. Rac1 h6 15.
Nfe5 Nd7 16. d4 Ncxe5 17. dxe5 b5 18. Nd6 Bxd6 19. exd6 Qb6 20. Qg4 g6 21. Qh4
e5 22. Qxh6 Bxg2 23. Kxg2 c4 24. h4 cxb3 25. axb3 Rxc1 26. Rxc1 Qxd6 27. e4 Nf6
28. Qe3 a5 29. Qc5 Nxe4 30. Qxd6 Nxd6 31. Bxe5 a4 32. bxa4 bxa4 33. Rc6 Nb7 34.
Rc7 Rb8 35. Rd7 Nc5 36. Ra7 Rc8 37. Kf3 Re8 38. Bd4 Ne6 39. Be3 Kg7 40. Rxa4 f5
41. g4 fxg4+ 42. Kxg4 Kf6 43. Ra7 Ke5 44. Bg5 Rf8 45. Ra5+ Kd6 46. f4 Kd7 47.
Ra7+ Kc6 48. Re7 Kd6 49. Rh7 Kd5 50. Rd7+ Kc6 51. Re7 Kd6 52. Rh7 Kd5 53. Bh6
Rf5 54. Rd7+ Kc6 55. Ra7 Rf6 56. Re7 Kd6 57. Rb7 Kc6 58. Ra7 Rf5 59. Ra8 Kd7 60.
Rg8 Rf6 61. Kf3 Nd4+ 62. Kg4 Ne6 63. Ra8 Rf5 64. Rb8 Rf7 65. Bg5 Rf8 66. Rb7+
Kc6 67. Rb1 Kd7 68. Rd1+ Kc6 69. Ra1 Kd7 70. Ra6 Rf7 71. Ra7+ Ke8 72. Ra8+ Kd7
73. Rg8 Rg7 74. Rb8 Rf7 75. Ra8 Rf8 76. Ra7+ Kc6 77. Ra6+ Kd7 78. Ra2 Kd6 79.
Re2 Kd7 80. Rd2+ Kc6 81. Rd1 Rf7 82. Ra1 Kd7 83. Ra7+ Ke8 84. Ra8+ Kd7 85. Rg8
Rg7 86. Rh8 Rf7 87. Bh6 Rf5 88. Rh7+ Ke8 89. Rb7 Rd5 90. Bg5 Kf8 91. Bf6 Rf5 92.
Be5 Rf7 93. Rb8+ Ke7 94. Rg8 Nf8 95. Kf3 Rf5 96. Ke4 1/2-1/2

[Event "PNWCC Masters 2020"]
[Site "chess.com INT"]
[Date "2020.05.25"]
[Round "9.12"]
[White "Talukdar, Rohan"]
[Black "Tarjan, James"]
[Result "1-0"]
[WhiteTitle "FM"]
[BlackTitle "GM"]
[WhiteElo "2341"]
[BlackElo "2381"]
[WhiteFideId "2616378"]
[BlackFideId "2000180"]
[EventDate "2020.05.23"]

1. e4 e5 2. Nf3 Nc6 3. Bb5 a6 4. Ba4 Nf6 5. O-O Be7 6. Re1 b5 7. Bb3 d6 8. c3
O-O 9. d4 Bg4 10. Be3 exd4 11. cxd4 Na5 12. Bc2 c5 13. h3 cxd4 14. Bxd4 Bh5 15.
g4 Bg6 16. Nc3 Rc8 17. Rc1 Re8 18. Nd5 Nc6 19. Bc3 Nd7 20. Nd4 Bf6 21. Nxc6 Rxc6
22. f4 Bxc3 23. bxc3 h6 24. f5 Bh7 25. Bb3 Ne5 26. Nb4 Rb6 27. Nd3 Kh8 28. Nxe5
Rxe5 29. Bxf7 Bg8 30. Bd5 Rb8 31. Qd2 Qe7 32. Rcd1 Bxd5 33. exd5 Re8 34. Rxe5
Qxe5 35. Qd3 Rc8 36. Rc1 Rc5 37. Qf3 Rxd5 38. Rf1 Rd2 39. Rf2 Qc5 40. Kg2 Rxf2+
41. Qxf2 Qxc3 42. Qe2 Qc6+ 43. Kg3 b4 44. Qe7 a5 45. Kh4 d5 46. Kh5 Kg8 47. h4
Qf6 48. Qxf6 gxf6 49. Kg6 d4 50. Kxf6 Kf8 51. g5 hxg5 52. h5 d3 53. h6 Kg8 54.
Ke7 d2 55. f6 d1=Q 56. f7+ Kh7 57. f8=Q Qe2+ 58. Kd7 Qd3+ 59. Kc6 Qg6+ 60. Kb5
Qxh6 61. Qf5+ Qg6 62. Qh3+ Kg7 63. Kxa5 g4 64. Qg3 Qe4 65. Qc7+ Kf6 66. Qd8+ Ke5
67. Qc7+ Kf5 68. Qf7+ Kg5 69. Qg7+ Kh4 70. Qh6+ Kg3 71. Qd6+ Kf2 72. Qd2+ Kf3
73. Qd1+ Kg2 74. Qd2+ Kh3 75. Qh6+ Kg3 76. Qd6+ Qf4 77. Qd3+ Kf2 78. Qc2+ Ke1
79. Qb1+ Ke2 80. Qc2+ Qd2 81. Qe4+ Kf2 82. Qxg4 b3+ 83. Ka4 b2 84. Qf5+ Ke2 85.
Kb3 Ke1 86. Qb1+ Ke2 87. Qxb2 Qxb2+ 88. Kxb2 Kd3 89. Kb3 Kd4 90. Kb4 Kd5 91. Kb5
Kd6 92. Kb6 Kd7 93. Kb7 Kd6 94. a4 Kc5 95. a5 Kb5 96. a6 1-0

[Event "PNWCC Masters 2020"]
[Site "chess.com INT"]
[Date "2020.05.25"]
[Round "9.13"]
[White "Hevia Alejano, Carlos Antonio"]
[Black "Zhao, Erick"]
[Result "1-0"]
[WhiteTitle "GM"]
[BlackTitle "CM"]
[WhiteElo "2467"]
[BlackElo "2039"]
[WhiteFideId "3508811"]
[BlackFideId "30946930"]
[EventDate "2020.05.23"]

1. d4 Nf6 2. c4 g6 3. Nc3 d5 4. cxd5 Nxd5 5. e4 Nxc3 6. bxc3 Bg7 7. Nf3 O-O 8.
Be3 c5 9. Be2 Nc6 10. O-O Qc7 11. Qd2 Rd8 12. d5 Na5 13. Rad1 e5 14. Nh4 Qe7 15.
g3 Bh3 16. Rfe1 b6 17. c4 Nb7 18. Bd3 Nd6 19. f4 Bg4 20. Rc1 exf4 21. Bxf4 Bd4+
22. Kg2 f6 23. h3 Bd7 24. Nf3 Nf7 25. Nxd4 cxd4 26. Qf2 g5 27. Bd2 Qe5 28. Bb4
g4 29. h4 Re8 30. Ba3 Qh5 31. Qxd4 Ne5 32. Rf1 Qh6 33. Rf4 Rac8 34. Rcf1 Kg7 35.
Bb2 Rf8 36. Rxf6 Qd2+ 37. R6f2 Rxf2+ 38. Rxf2 1-0

[Event "PNWCC Masters 2020"]
[Site "chess.com INT"]
[Date "2020.05.25"]
[Round "9.14"]
[White "Park, Evan"]
[Black "Shabalov, Alexander"]
[Result "0-1"]
[BlackTitle "GM"]
[WhiteElo "2146"]
[BlackElo "2528"]
[WhiteFideId "30931142"]
[BlackFideId "2008572"]
[EventDate "2020.05.23"]

1. e4 c5 2. Nf3 Nc6 3. d4 cxd4 4. Nxd4 Nf6 5. Nc3 e6 6. Ndb5 d6 7. Bf4 e5 8. Bg5
a6 9. Bxf6 gxf6 10. Na3 f5 11. exf5 Bxf5 12. Nc4 Be6 13. Ne3 Bh6 14. Ned5 O-O
15. g3 f5 16. Bg2 e4 17. O-O Ne5 18. Ne2 Rc8 19. Nef4 Bf7 20. Kh1 Ng6 21. f3
Nxf4 22. gxf4 e3 23. Re1 Rc5 24. Nxe3 Bxf4 25. b3 Re8 26. Nc4 Rxe1+ 27. Qxe1 b5
28. Na3 Re5 29. Qf2 Qa5 30. Qh4 h6 31. Rg1 Bg5 32. Bh3 Kf8 33. Qd4 Bd5 34. Qb2
Bxf3+ 35. Bg2 Bxg2+ 36. Kxg2 Qd2+ 37. Kh1 Qd5+ 0-1

[Event "PNWCC Masters 2020"]
[Site "chess.com INT"]
[Date "2020.05.25"]
[Round "9.15"]
[White "Tanenbaum, Zachary"]
[Black "Tang, Andrew"]
[Result "1-0"]
[BlackTitle "GM"]
[WhiteElo "2137"]
[BlackElo "2538"]
[WhiteFideId "2060850"]
[BlackFideId "2059630"]
[EventDate "2020.05.23"]

1. e4 e5 2. Nf3 Nc6 3. Bc4 Bc5 4. c3 Nf6 5. d3 a6 6. Nbd2 Ba7 7. a4 O-O 8. O-O
d6 9. Re1 Ng4 10. Re2 Kh8 11. h3 Nh6 12. d4 f5 13. dxe5 fxe4 14. Nxe4 Rxf3 15.
gxf3 Nxe5 16. Ng5 Nxc4 17. Qd3 Bf5 18. Qxc4 d5 19. Qb4 c5 20. Qxb7 d4 21. cxd4
cxd4 22. Re7 Bb8 23. Ne6 Bxe6 24. Rxe6 d3 25. Qe7 Qg8 26. Bxh6 gxh6+ 27. Kh1 1-0

[Event "PNWCC Masters 2020"]
[Site "chess.com INT"]
[Date "2020.05.25"]
[Round "9.16"]
[White "Nguyen, Thanh Thuy Tien"]
[Black "Leiva, Giuseppe"]
[Result "1/2-1/2"]
[WhiteTitle "WIM"]
[BlackTitle "IM"]
[WhiteElo "1971"]
[BlackElo "2391"]
[WhiteFideId "12400998"]
[BlackFideId "3804399"]
[EventDate "2020.05.23"]

1. Nf3 Nf6 2. c4 b6 3. d4 e6 4. g3 Bb7 5. Bg2 Be7 6. O-O O-O 7. Nc3 Ne4 8. Qc2
Nxc3 9. bxc3 Nc6 10. Nd2 Na5 11. e4 c5 12. d5 Ba6 13. Qd3 exd5 14. exd5 d6 15.
Bh3 Bf6 16. Bb2 g6 17. f4 Re8 18. f5 Qe7 19. fxg6 hxg6 20. Be6 Kg7 21. Rae1 Rf8
22. Bc8 Qxe1 23. Rxe1 Raxc8 24. Bc1 Rce8 25. Re4 Bc8 26. Qe3 Be5 27. Nf3 Rh8 28.
Nxe5 Rxe5 29. Rxe5 Nxc4 30. Qe4 Nxe5 31. Bf4 Re8 32. Bxe5+ Rxe5 33. Qa4 Bh3 34.
Kf2 Rxd5 35. Qxa7 b5 36. Qa6 Bd7 37. Qb7 Be6 38. Qxb5 Rd2+ 39. Ke3 Rxa2 40. Qc6
Rc2 41. Qxd6 Rxc3+ 42. Kd2 Rc4 43. Qe5+ Kg8 44. Kd3 Rd4+ 45. Ke3 Rd5 46. Qb8+
Kg7 47. h4 c4 48. Qc7 g5 49. hxg5 Rxg5 50. Kd2 Rd5+ 51. Kc2 Rd3 52. Qe5+ Kg6 53.
Qe4+ Bf5 54. Qh1 Rb3+ 55. Kd2 c3+ 56. Ke2 Rb2+ 57. Ke3 Rb6 58. g4 Re6+ 59. Kd4
Bxg4 60. Kxc3 f5 61. Qd5 f4 62. Qd4 Kg5 63. Qg7+ Kh4 64. Kd4 f3 65. Qf7 Kg3 66.
Qc7+ Kg2 67. Qg7 Kh3 68. Qh7+ Kg3 69. Qc7+ Kf2 70. Qh2+ Ke1 71. Qg1+ Kd2 72.
Qxg4 f2 73. Qxe6 f1=Q 74. Qe3+ Kd1 75. Qd3+ Ke1 76. Qxf1+ Kxf1 1/2-1/2

[Event "PNWCC Masters 2020"]
[Site "chess.com INT"]
[Date "2020.05.25"]
[Round "9.17"]
[White "Daggupati, Balaji"]
[Black "Chen, Ryo"]
[Result "1-0"]
[WhiteTitle "FM"]
[WhiteElo "2331"]
[BlackElo "2085"]
[WhiteFideId "2090759"]
[BlackFideId "7003072"]
[EventDate "2020.05.23"]

1. e4 c5 2. Nf3 d6 3. d4 cxd4 4. Nxd4 Nf6 5. Nc3 Nc6 6. Bg5 e6 7. Qd2 Qb6 8.
Bxf6 gxf6 9. Nb3 a6 10. f4 Bd7 11. Be2 h5 12. O-O-O O-O-O 13. Rhf1 Na5 14. Rf3
Nxb3+ 15. axb3 Bc6 16. Rh3 Qa5 17. Kb1 Kb8 18. Qd4 Be7 19. b4 Qc7 20. Rxh5 Rxh5
21. Bxh5 d5 22. e5 fxe5 23. fxe5 Bf8 24. h4 Bg7 25. Re1 Rh8 26. Bf3 Qe7 27. g3
Rg8 28. Qf4 Qc7 29. h5 d4 30. Bxc6 dxc3 31. Bf3 cxb2 32. h6 Rc8 33. Re2 Bh8 34.
g4 Rd8 35. Kxb2 Rc8 36. Qd4 Rd8 37. Qc3 Qb6 38. Qc5 Qxc5 39. bxc5 Rg8 40. Kc3
Rg6 41. h7 Rh6 42. Be4 Bxe5+ 43. Kb3 Rh3+ 44. Bd3 Bd4 45. Kc4 Bg7 46. Rf2 f6 47.
Re2 f5 48. gxf5 Rh4+ 49. Kb3 exf5 50. Re8+ Ka7 51. c6 bxc6 52. Re7+ Kb6 53. Rxg7
f4 54. Rg8 f3 55. h8=Q Rxh8 56. Rxh8 f2 57. Rf8 f1=Q 58. Rxf1 Kc5 59. Rf6 Kd4
60. Bxa6 Ke3 61. Rxc6 Kd2 62. Rd6+ Kc1 63. Bb5 Kb1 64. Rd1# 1-0

[Event "PNWCC Masters 2020"]
[Site "chess.com INT"]
[Date "2020.05.25"]
[Round "9.18"]
[White "Wang, Jason"]
[Black "Wen, Teddie"]
[Result "1-0"]
[WhiteTitle "FM"]
[WhiteElo "2312"]
[BlackElo "2071"]
[WhiteFideId "30908124"]
[BlackFideId "30952247"]
[EventDate "2020.05.23"]

1. d4 d5 2. c4 c6 3. Nf3 Nf6 4. Qc2 e6 5. Nbd2 Nbd7 6. g3 Be7 7. Bg2 O-O 8. O-O
b6 9. e4 dxe4 10. Nxe4 Bb7 11. Rd1 Qc8 12. Bf4 Nxe4 13. Qxe4 Nf6 14. Qe2 Re8 15.
Bh3 Bf8 16. Rac1 Qd8 17. Ne5 Qe7 18. Bg2 c5 19. dxc5 Bxg2 20. Kxg2 bxc5 21. Qf3
h6 22. h4 a5 23. g4 g6 24. g5 hxg5 25. hxg5 Bg7 26. gxf6 Qxf6 27. Rd7 Rf8 28.
Rh1 g5 29. Bg3 Qxf3+ 30. Kxf3 f5 31. Rh5 Bf6 32. Rh6 1-0

[Event "PNWCC Masters 2020"]
[Site "chess.com INT"]
[Date "2020.05.25"]
[Round "9.19"]
[White "Beatrez, Patrick"]
[Black "Morefield, Jason"]
[Result "0-1"]
[BlackTitle "FM"]
[WhiteElo "1879"]
[BlackElo "2227"]
[WhiteFideId "30937167"]
[BlackFideId "30920825"]
[EventDate "2020.05.23"]

1. e4 d6 2. d4 Nf6 3. Nc3 g6 4. Bg5 c6 5. f4 d5 6. e5 Ne4 7. Bd3 Nxg5 8. fxg5
Qb6 9. Qd2 Qxd4 10. Nf3 Qb6 11. O-O-O Bg4 12. Na4 Qc7 13. Rdf1 Nd7 14. Qf4 Bxf3
15. Rxf3 Nxe5 16. Kb1 O-O-O 17. Re1 Nxf3 0-1

[Event "PNWCC Masters 2020"]
[Site "chess.com INT"]
[Date "2020.05.25"]
[Round "9.20"]
[White "Kumar, Naman"]
[Black "Easton, Jack"]
[Result "1/2-1/2"]
[WhiteElo "2115"]
[BlackElo "2175"]
[WhiteFideId "30908922"]
[BlackFideId "30900069"]
[EventDate "2020.05.23"]

1. d4 d5 2. Nf3 Nf6 3. c4 dxc4 4. g3 c6 5. Bg2 Bg4 6. O-O e6 7. Qc2 Bxf3 8. Bxf3
Qxd4 9. Rd1 Qb6 10. Nd2 Nbd7 11. Nxc4 Qc7 12. a4 Be7 13. a5 O-O 14. Bg5 h6 15.
Bd2 Rac8 16. b4 Rfd8 17. Qb3 Qb8 18. e4 Ne5 19. Bf4 Nxf3+ 20. Qxf3 Rxd1+ 21.
Rxd1 Qa8 22. Bd6 Bxd6 23. Nxd6 Rc7 24. Qf4 Rd7 25. e5 Nd5 26. Qd4 a6 27. Qc5 Qd8
28. Ne4 Qe7 29. f4 f6 30. Qxe7 Rxe7 31. exf6 gxf6 32. Kf2 Kg7 33. Kf3 Nxb4 34.
Nc5 Nc2 35. Rd6 Kf7 36. Rd8 e5 37. f5 Nd4+ 38. Ke4 Nb5 39. Ne6 Re8 40. Rd7+ Re7
41. Rd8 Re8 1/2-1/2

[Event "PNWCC Masters 2020"]
[Site "chess.com INT"]
[Date "2020.05.25"]
[Round "9.21"]
[White "Tran, Tuan Minh"]
[Black "Woodward, Andy"]
[Result "1/2-1/2"]
[WhiteTitle "GM"]
[WhiteElo "2518"]
[BlackElo "1856"]
[WhiteFideId "12401820"]
[BlackFideId "30953499"]
[EventDate "2020.05.23"]

1. d4 d5 2. c4 c6 3. Nf3 Nf6 4. e3 Bf5 5. Nc3 e6 6. Nh4 Be4 7. f3 Bg6 8. Qb3 Qc7
9. Bd2 a6 10. Rc1 Bd6 11. g3 Nbd7 12. Kf2 Rc8 13. cxd5 exd5 14. Ne2 O-O 15. Nf4
Bxf4 16. exf4 h6 17. Nxg6 fxg6 18. Bd3 b5 19. Bxg6 Qa7 20. Be3 Nb6 21. Kg2 a5
22. Qd3 Nfd7 23. b3 Nb8 24. h4 Na6 25. h5 Nb4 26. Qd2 Qe7 27. Rhe1 Rc7 28. a3 a4
29. Qxb4 axb3 30. Qxb3 Ra8 31. Bd2 Qf6 32. Ba5 Rb7 33. Bxb6 Rxb6 34. Re5 Rb7 35.
Rxd5 cxd5 36. Qxd5+ Kh8 37. Qxb7 Rd8 38. Rc8 Qxd4 39. Qa8 Qd2+ 40. Kh3 Qd7+ 41.
Kh4 Rxc8 42. Qe4 Qd6 43. Qb7 Rb8 44. Qa7 Qd8+ 45. Kg4 Qf8 46. Be4 Rc8 47. Qa6
Rc5 48. Qg6 Qg8 49. Kh3 Qc8+ 50. Kg2 Qg8 51. f5 Rc1 52. Kh3 Qc8 53. Qf7 Rc7 54.
Qg6 Rc1 55. Kg4 Qd8 56. f6 Qc8+ 57. Bf5 Qc4+ 58. f4 Qe2+ 59. Kh4 Rh1+ 60. Bh3
Rxh3+ 61. Kxh3 Qf1+ 62. Kg4 Qd1+ 1/2-1/2

[Event "PNWCC Masters 2020"]
[Site "chess.com INT"]
[Date "2020.05.25"]
[Round "9.22"]
[White "Yan, Ruiyang"]
[Black "Nguyen, Duc Hoa"]
[Result "1-0"]
[WhiteTitle "WCM"]
[BlackTitle "GM"]
[WhiteElo "2093"]
[BlackElo "2406"]
[WhiteFideId "30919860"]
[BlackFideId "12401358"]
[EventDate "2020.05.23"]

1. e4 c5 2. Nf3 e6 3. d4 cxd4 4. Nxd4 Nc6 5. Nc3 Qc7 6. g3 a6 7. Bg2 Nf6 8. O-O
Nxd4 9. Qxd4 Bc5 10. Qd3 h6 11. h3 d6 12. Bf4 O-O 13. Na4 e5 14. Be3 Be6 15.
Nxc5 dxc5 16. Qc3 Rac8 17. f4 b5 18. g4 b4 19. Qd2 Bc4 20. Rfe1 Bb5 21. Qf2 Rfe8
22. g5 hxg5 23. fxg5 Nh5 24. a4 Bc4 25. Bf1 Bxf1 26. Rxf1 c4 27. Rad1 Re7 28.
Rd5 g6 29. Bb6 Qb7 30. Bc5 Nf4 31. Kh2 Re6 32. Rdd1 Qxe4 33. Be3 c3 34. Bxf4
exf4 35. Rd4 1-0

[Event "PNWCC Masters 2020"]
[Site "chess.com INT"]
[Date "2020.05.25"]
[Round "9.23"]
[White "Lu, Jason"]
[Black "Costello, Alexander"]
[Result "1-0"]
[BlackTitle "IM"]
[WhiteElo "2024"]
[BlackElo "2258"]
[WhiteFideId "30938040"]
[BlackFideId "2099659"]
[EventDate "2020.05.23"]

1. e4 c5 2. Nf3 e6 3. d4 cxd4 4. Nxd4 Nc6 5. Nc3 Qc7 6. Be3 a6 7. Qf3 Nf6 8.
O-O-O Ne5 9. Qg3 b5 10. f4 Neg4 11. Bg1 b4 12. Na4 Nh6 13. Qe3 Bb7 14. Bd3 e5
15. Nf3 exf4 16. Qd4 d6 17. Re1 Be7 18. Nb6 Rd8 19. Nd5 Bxd5 20. exd5 O-O 21.
Qxb4 Rfe8 22. Qxf4 Nxd5 23. Bxh7+ Kh8 24. Qd2 Nb6 25. Bd3 Bf6 26. Bd4 Bxd4 27.
Nxd4 d5 28. h3 Nc4 29. Qg5 Qa5 30. Ne6 fxe6 31. Bxc4 Nf5 32. Bd3 Kg8 33. Qg6 Qb4
34. Rxe6 Rf8 35. Rf1 Rb8 36. b3 Qd4 37. Rxf5 Qg1+ 38. Kb2 Rxf5 39. Qxf5 Rc8 40.
Qh7+ Kf7 41. Qg6+ Kf8 42. Rf6+ gxf6 43. Qxf6+ Ke8 44. Qe6+ Kd8 45. Qd6+ Ke8 46.
Bg6# 1-0

[Event "PNWCC Masters 2020"]
[Site "chess.com INT"]
[Date "2020.05.25"]
[Round "9.24"]
[White "Vivekananthan, Anish"]
[Black "Wilson, Ronen"]
[Result "1-0"]
[WhiteTitle "FM"]
[WhiteElo "2239"]
[BlackElo "1909"]
[WhiteFideId "2090775"]
[BlackFideId "30926173"]
[EventDate "2020.05.23"]

1. Nf3 d5 2. g3 Nf6 3. c4 c6 4. Bg2 Bf5 5. O-O e6 6. cxd5 cxd5 7. Nc3 Nc6 8. d3
Be7 9. Nh4 Bg6 10. Qb3 a6 11. e4 dxe4 12. Nxg6 hxg6 13. dxe4 O-O 14. Rd1 Qc7 15.
Bf4 e5 16. Be3 Na5 17. Qc2 Rac8 18. Bh3 Rcd8 19. Qe2 Nc4 20. Bg5 b5 21. a4 Qb7
22. axb5 axb5 23. b3 Nd6 24. Bg2 Rc8 25. Bxf6 gxf6 26. Nd5 Rfd8 27. h4 Rc5 28.
h5 Kg7 29. Qe3 Ne8 30. b4 Rc7 31. hxg6 fxg6 32. Nxc7 Rxd1+ 33. Rxd1 Qxc7 34. Ra1
Nd6 35. Ra7 Nb7 36. Qd2 Qb8 37. Ra6 Qd8 38. Qa2 Bxb4 39. Ra8 Qd1+ 40. Bf1 Nd8
41. Qa7+ Kf8 42. Qb6 Be7 43. Qxb5 Qd4 44. Ra4 Qc5 45. Qb3 Qc6 46. Bb5 Qe6 47.
Bc4 Qc6 48. Bd5 Qc7 49. Kg2 Kg7 50. Ra1 Qc5 51. Qd1 Nf7 52. Bxf7 Kxf7 53. Qb3+
Kg7 54. Rd1 Qc6 55. Qd5 Qxd5 56. Rxd5 Kf7 57. g4 Ke6 58. Ra5 Bb4 59. Ra6+ Kf7
60. Kf1 Bd2 61. Ke2 Bg5 62. Kd3 Kg7 63. Ra1 Bh4 64. f3 Kh6 65. Rh1 Kg5 66. Ke2
Bg3 67. Rh3 Bf4 68. Kd3 f5 69. gxf5 gxf5 70. Rh8 fxe4+ 71. fxe4 Kf6 72. Kc4 Ke6
73. Ra8 Kd6 74. Ra6+ Ke7 75. Kd5 Kd7 76. Ra7+ Kd8 77. Ke6 Kc8 78. Rd7 Bg3 79.
Rd5 Kc7 80. Rxe5 1-0

[Event "PNWCC Masters 2020"]
[Site "chess.com INT"]
[Date "2020.05.25"]
[Round "9.25"]
[White "Eswaran, Ashritha"]
[Black "Xie, Bryan"]
[Result "1-0"]
[WhiteTitle "WIM"]
[BlackTitle "CM"]
[WhiteElo "2244"]
[BlackElo "2049"]
[WhiteFideId "2080788"]
[BlackFideId "30941296"]
[EventDate "2020.05.23"]

1. Nf3 c5 2. e4 Nc6 3. Bb5 e6 4. O-O Nge7 5. c3 a6 6. Ba4 b5 7. Bc2 Ng6 8. d4
cxd4 9. cxd4 Nb4 10. Bb3 d5 11. e5 Nc6 12. Nc3 Be7 13. g3 O-O 14. h4 Re8 15. h5
Nf8 16. Bf4 Bd7 17. Qd2 Na5 18. Kg2 Nxb3 19. axb3 b4 20. Nd1 Bb5 21. Rh1 Rc8 22.
Ne3 Rc6 23. Ng4 Qc7 24. Rac1 Rc8 25. Rxc6 Qxc6 26. Bg5 Qc7 27. Rh4 Bxg5 28. Qxg5
Qc1 29. Nd2 Kh8 30. h6 Ng6 31. hxg7+ Kg8 32. Nf6+ Kxg7 33. Qh6+ Kh8 34. Qxh7# 1-0

[Event "PNWCC Masters 2020"]
[Site "chess.com INT"]
[Date "2020.05.25"]
[Round "9.26"]
[White "Zong, Davis"]
[Black "Wen, Tommy"]
[Result "1-0"]
[WhiteElo "2129"]
[BlackElo "2014"]
[WhiteFideId "30903955"]
[BlackFideId "30952255"]
[EventDate "2020.05.23"]

1. d4 d5 2. c4 c6 3. Nf3 Nf6 4. Nc3 dxc4 5. e4 b5 6. Be2 e6 7. O-O Bb7 8. Qc2
Be7 9. Bf4 Nbd7 10. b3 cxb3 11. axb3 O-O 12. Rfd1 a6 13. Bd3 h6 14. Qe2 Re8 15.
Rac1 Qb6 16. Bb1 Ba3 17. Rc2 c5 18. e5 Nd5 19. Nxd5 Bxd5 20. Ra2 Bb4 21. Qe3
cxd4 22. Nxd4 Bf8 23. h4 Nc5 24. h5 b4 25. Re2 Rac8 26. Kh2 Red8 27. g4 Bxb3 28.
Rg1 Bc4 29. Rd2 Rd7 30. g5 Nd3 31. Rxd3 Rcd8 32. gxh6 Rxd4 33. hxg7 Bxd3 34.
Bxd3 Bxg7 35. h6 Rxd3 36. Rxg7+ Kf8 37. Qxb6 b3 38. Qc5+ Ke8 39. Rg8+ Kd7 40.
Rxd8+ Kxd8 41. Qb6+ Ke7 42. h7 Rd8 43. Bg5+ Kf8 44. Qxd8+ Kg7 45. h8=Q+ Kg6 46.
Qdf6# 1-0

[Event "PNWCC Masters 2020"]
[Site "chess.com INT"]
[Date "2020.05.25"]
[Round "9.27"]
[White "Jin, Derek"]
[Black "Zhou, Liran"]
[Result "0-1"]
[BlackTitle "FM"]
[WhiteElo "1880"]
[BlackElo "2351"]
[WhiteFideId "30920329"]
[BlackFideId "30931967"]
[EventDate "2020.05.23"]

1. e4 c5 2. Nf3 d6 3. d4 cxd4 4. Nxd4 Nf6 5. Nc3 a6 6. f3 e5 7. Nb3 Be6 8. Be3
Be7 9. Qd2 O-O 10. O-O-O Nbd7 11. g4 b5 12. g5 Nh5 13. Nd5 Bxd5 14. exd5 f5 15.
g6 hxg6 16. Rg1 Qe8 17. Na5 Qf7 18. Nc6 Bh4 19. Bg5 Bxg5 20. Qxg5 Ndf6 21. Qxg6
Qxg6 22. Rxg6 Nf4 23. Rg5 N6xd5 24. Bd3 Rac8 25. Na5 g6 26. Kb1 Kg7 27. c3 Rxc3
28. Bxf5 Rxf5 29. Rxf5 gxf5 30. Rg1+ Kf6 31. bxc3 Nxc3+ 32. Kb2 Nce2 33. Rd1 d5
34. Nb3 e4 35. fxe4 dxe4 36. Rd6+ Ke5 37. Rxa6 Nd3+ 38. Kb1 Nc3+ 39. Ka1 e3 40.
Ra8 e2 41. Re8+ Kf4 42. h4 Ne4 0-1

[Event "PNWCC Masters 2020"]
[Site "chess.com INT"]
[Date "2020.05.25"]
[Round "9.28"]
[White "Padhye, Rohan"]
[Black "Estrada Nieto, Julian"]
[Result "0-1"]
[BlackTitle "IM"]
[WhiteElo "1716"]
[BlackElo "2280"]
[WhiteFideId "30946034"]
[BlackFideId "5101018"]
[EventDate "2020.05.23"]

1. e4 e5 2. Nf3 Nc6 3. Bc4 Bc5 4. O-O d6 5. c3 Nf6 6. d3 a6 7. Bb3 Ba7 8. Nbd2
O-O 9. h3 h6 10. Re1 Re8 11. Nf1 Be6 12. Ng3 d5 13. Bc2 Qd7 14. Be3 dxe4 15.
dxe4 Qxd1 16. Bxd1 Bxe3 17. Rxe3 Rad8 18. Bc2 g6 19. a3 Nd7 20. Rd1 Nc5 21. Ree1
Bb3 22. Bxb3 Nxb3 23. Rd5 f6 24. Red1 Kf7 25. Kf1 Rxd5 26. Rxd5 Ke6 27. Rd1 f5
28. Nh4 f4 29. Ne2 Ne7 30. Nc1 Nxc1 31. Rxc1 g5 32. Nf3 Rd8 33. Ke2 Nc8 34. Nd2
Nd6 35. f3 a5 36. b3 h5 37. a4 b6 38. Rd1 Rg8 39. Kf2 Rg7 40. Rh1 Rd7 41. Ke2
Rd8 42. Rd1 Nb7 43. Rc1 Nc5 44. Rc2 Kf6 45. Rb2 Rd3 46. c4 Re3+ 47. Kf1 Nd3 48.
Rb1 Ke7 49. Rd1 c6 50. Rb1 Nc5 51. Rb2 Kf6 52. Rb1 Ne6 53. Rb2 Nd4 54. Kf2 Re2+
55. Kf1 c5 56. Rc2 Re3 57. Rb2 g4 58. hxg4 hxg4 59. fxg4 Kg5 60. Rb1 Kxg4 61.
Rb2 Re2 62. Kg1 Re1+ 63. Kf2 Re2+ 64. Kg1 f3 65. gxf3+ Nxf3+ 66. Nxf3 Rxb2 67.
Nxe5+ Kg3 68. Kf1 Rxb3 69. Ke2 Kf4 70. Nd3+ Kxe4 71. Nc1 Ra3 72. Kd2 Rxa4 73.
Kc3 Ra1 74. Nb3 Ra3 75. Kb2 Rxb3+ 76. Kxb3 Kd4 77. Ka4 Kxc4 78. Ka3 Kd3 79. Kb2
a4 80. Kb1 a3 81. Ka2 Kd2 82. Kb3 b5 83. Ka2 c4 84. Ka1 c3 85. Kb1 c2+ 86. Ka2
c1=Q 87. Kb3 Qb2# 0-1

[Event "PNWCC Masters 2020"]
[Site "chess.com INT"]
[Date "2020.05.25"]
[Round "9.29"]
[White "Hoesley, Aria"]
[Black "Green, Austen"]
[Result "0-1"]
[WhiteElo "1885"]
[BlackElo "2126"]
[WhiteFideId "30918669"]
[BlackFideId "2017865"]
[EventDate "2020.05.23"]

1. e4 c5 2. Nf3 e6 3. d4 cxd4 4. Nxd4 Nc6 5. Nc3 Nf6 6. Be3 Bb4 7. Bd3 d5 8.
Nxc6 bxc6 9. exd5 exd5 10. Bd2 O-O 11. O-O Rb8 12. a3 Bd6 13. Rb1 Ng4 14. h3 Qh4
15. Qf3 Nh2 16. Qe3 Nxf1 17. Rxf1 Rxb2 18. a4 Rb7 19. a5 f5 20. a6 Re7 21. Qf3
Be6 22. Ne2 g5 23. g3 Qh6 24. Nd4 f4 25. g4 c5 26. Nxe6 Qxe6 27. Re1 Qf7 28.
Rxe7 Bxe7 29. Bb5 Qe6 30. c4 Qe4 31. Qxe4 dxe4 32. Bc6 Rf6 33. Bb7 Rd6 34. Be1
Kf8 35. Kf1 Rd3 36. Bxe4 Rxh3 37. f3 Rh6 38. Bb7 Re6 39. Ba5 Ke8 40. Bc7 Bd8 41.
Bb8 Bb6 42. Bd5 Re3 43. Bd6 Kd7 44. Bf8 Ra3 45. Bb7 Ra4 46. Bh6 Bd8 47. Bf8 Be7 0-1